000 01086nam a22002537a 4500
008 130821s2004 mx a gr spa
020 _a968167443X
040 _aCO-BoUCM
_bspa
_cAngélica Chartano (modificó)
_dAldemar Mondragón
041 0 0 _aspa
100 1 _aFrench, Vivian
_937489
245 1 0 _aPerro de Mar Williams y el norte congelado este es el cuarto terrible cuento del Espectro Espeluznante
_cVivian French ; ilustraciones de Patricio Ortiz ; traducción de María Teresa Solana
260 _aMéxico D.F. (México)
_bFondo de Cultura Económica
_c2004
300 _a55 páginas
_bilustraciones
490 0 _aA la Orilla del Viento
650 7 _aLibros ilustrados para niños
_918516
650 7 _aLiteratura infantil inglesa
_937709
650 7 _aLiteratura inglesa
_937710
690 _aLiteratura europea
700 1 _aOrtiz, Patricio
_eilustrador
_937490
700 1 _aSolana, María Teresa
_etraductor
_937491
765 _tSea dog Williams and the frozen north
942 _cLIBRO
_a18
_e1
_mF873p
_2DEWEY
_h828.914
_n0
999 _c166468
_d166468